| 000 | 00487cam a2200193ua 4500 | ||
|---|---|---|---|
| 001 | 2736 | ||
| 005 | 20260515113550.0 | ||
| 008 | 110907n ii |||gr||||Z||||||asm | ||
| 040 | _cMAIN | ||
| 082 | _a891.4512 | ||
| 100 | 1 |
_aGohainbarua, Padmanath, _eAuthor. |
|
| 245 | 1 | 1 |
_aGaonburha _cby Padmanath Gohainbarua |
| 250 | _a1st. | ||
| 260 |
_aGuahati: _bSecretary publication board assam,987. |
||
| 300 |
_a51p: _c23cm. |
||
| 653 | _aAssamese drama | ||
| 653 | _aGaonburha | ||
| 942 | _cBK | ||
| 999 |
_c2583 _d2583 |
||